Thiết kế đường ô tô. Tập 2

Shranjeno v:
Bibliografske podrobnosti
Glavni avtor:  Dương, Học Hải
Format: Sách
Jezik:Undetermined
Izdano:  Giáo dục Việt Nam  2014
Teme:
Oznake: Označite
Brez oznak, prvi označite!
Thư viện lưu trữ: Trung tâm Thư viện - Trường Đại học Công nghiệp TP. Hồ Chí Minh
LEADER 00521nam a2200157Ia 4500
001 UIH_03632
008 231011s9999 xx 000 0 und d
082 |a  625.725 
100 |a  Dương, Học Hải 
245 0 |a  Thiết kế đường ô tô. Tập 2 
245 0 |c  Dương, Học Hải 
260 |b  Giáo dục Việt Nam 
260 |c  2014 
650 |a  Đường ô tô;  
927 |a Sách 
980 |a Trung tâm Thư viện - Trường Đại học Công nghiệp TP. Hồ Chí Minh